| 000 | 00857nam a2200217 i 4500 | ||
|---|---|---|---|
| 001 | 111794 | ||
| 003 | ES-MaACL | ||
| 005 | 20250730025319.0 | ||
| 007 | t| | ||
| 008 | 061121s1934 sp r ||||1| spa d | ||
| 100 | 1 |
_aNeumann, Wilhelm. _985452 |
|
| 245 | 1 | 0 |
_aClínica de la tuberculosis pulmonar en el adulto / _cpor el Dr. Wilhelm Neumann; con un apéndice sobre el diagnóstico rötgenológico de la tuberculosis pulmonar por el Dr. Felix Fleischner; traducción de la segunda edición alemana por el Dr. Juan Torres Gost y A. Bages Carey. |
| 260 |
_aBarcelona : _bLabor, _c1934. |
||
| 300 |
_aXVI, 575 p. : _bil. ; _c24 cm. |
||
| 650 | 0 | 7 |
_aTuberculosis _2embne _917658 |
| 700 | 1 |
_aFleischner, Felix. _951159 |
|
| 700 | 1 |
_aTorres Gost, Juan. _9110967 |
|
| 700 | 1 |
_aBages Carey, A. _924632 |
|
| 852 |
_aES-MaACL _jE-1519 |
||
| 999 |
_c111794 _d111794 |
||